Model selection criteria and the building project price forecasting process (Record no. 101030)
[ view plain ]
| 000 -LEADER | |
|---|---|
| fixed length control field | 01430cam a2200301 4500 |
| 008 - FIXED-LENGTH DATA ELEMENTS--GENERAL INFORMATION | |
| fixed length control field | 000000n2000 000 0 eng u |
| 020 ## - INTERNATIONAL STANDARD BOOK NUMBER | |
| International Standard Book Number | 1842190431 |
| 022 ## - INTERNATIONAL STANDARD SERIAL NUMBER | |
| International Standard Serial Number | 1354-506X |
| 035 ## - SYSTEM CONTROL NUMBER | |
| System control number | (Sirsi) u109964 |
| 050 ## - LIBRARY OF CONGRESS CALL NUMBER | |
| Classification number | 692.5 |
| -- | 18 |
| 100 ## - MAIN ENTRY--PERSONAL NAME | |
| Personal name | Fortune, Chris |
| 245 ## - TITLE STATEMENT | |
| Title | Model selection criteria and the building project price forecasting process |
| 260 ## - PUBLICATION, DISTRIBUTION, ETC. | |
| Place of publication, distribution, etc. | London |
| Name of publisher, distributor, etc. | RICS Research Foundation |
| Date of publication, distribution, etc. | 2000 |
| 300 ## - PHYSICAL DESCRIPTION | |
| Extent | 20p. |
| Dimensions | 30cm. |
| 490 ## - SERIES STATEMENT | |
| Series statement | RICS Foundation Research Papers |
| Volume/sequential designation | 3(16) |
| 520 ## - SUMMARY, ETC. | |
| Summary, etc. | This study contributes to what is known about the investigation and formulation phases of the building project price forecasting advice process. The research has developed a greater understanding of what general factors affect the selection of newer computer-based or non-traditional types of building project price forecasting models. |
| 520 ## - SUMMARY, ETC. | |
| Summary, etc. | RICS members may view the research via the public access terminals in the RICS Library - please ask Library Staff for details. |
| 650 ## - SUBJECT ADDED ENTRY--TOPICAL TERM | |
| Topical term or geographic name entry element | BUILT ENVIRONMENT-BUILDING COSTS |
| 650 ## - SUBJECT ADDED ENTRY--TOPICAL TERM | |
| Topical term or geographic name entry element | CONSTRUCTION PROJECTS |
| 650 ## - SUBJECT ADDED ENTRY--TOPICAL TERM | |
| Topical term or geographic name entry element | PRICING |
| 650 ## - SUBJECT ADDED ENTRY--TOPICAL TERM | |
| Topical term or geographic name entry element | COST MODELLING |
| 650 ## - SUBJECT ADDED ENTRY--TOPICAL TERM | |
| Topical term or geographic name entry element | CONSTRUCTION COSTS |
| 690 ## - LOCAL SUBJECT ADDED ENTRY--TOPICAL TERM (OCLC, RLIN) | |
| Topical term or geographic name as entry element | BUILT ENVIRONMENT-BUILDING COSTS |
| 700 ## - ADDED ENTRY--PERSONAL NAME | |
| Personal name | Hinks, John |
| 710 ## - ADDED ENTRY--CORPORATE NAME | |
| Corporate name or jurisdiction name as entry element | RICS Research Foundtion |
| 856 ## - ELECTRONIC LOCATION AND ACCESS | |
| Uniform Resource Identifier | <a href="https://www.rics.org/Global/Downloads/ModelSelectionCriteria200012.pdf">https://www.rics.org/Global/Downloads/ModelSelectionCriteria200012.pdf</a> |
| Hours access method available | View the research on the RICS Foundation website... |
| 942 ## - ADDED ENTRY ELEMENTS (KOHA) | |
| Suppress in OPAC | 0 |
| Withdrawn status | Lost status | Source of classification or shelving scheme | Damaged status | Not for loan | Home library | Current library | Shelving location | Date acquired | Total Checkouts | Full call number | Barcode | Date last seen | Copy number | Price effective from | Koha item type | Date last checked out |
|---|---|---|---|---|---|---|---|---|---|---|---|---|---|---|---|---|
| Dewey Decimal Classification | London | London | RICS Boxes | 22/02/2001 | RICS 2000/80 | 30063654 | 06/08/2019 | 1 | 06/08/2019 | Reference material | ||||||
| Dewey Decimal Classification | London | London | RICS Boxes | 22/02/2001 | RICS 2000/80 | 30063655 | 06/08/2019 | 2 | 06/08/2019 | Reference material | ||||||
| Dewey Decimal Classification | London | London | RICS Boxes | 22/02/2001 | 7 | RICS 2000/80 | 30063656 | 06/08/2019 | 3 | 06/08/2019 | Book | 21/11/2003 | ||||
| Dewey Decimal Classification | Virtual | Virtual | Online | 30/06/2003 | ONLINE PUBLICATION | 109964-2001 | 06/08/2019 | 1 | 06/08/2019 | Book |